Procesos y equipos para la fabricación de cableados impresos

Sábháilte in:
Sonraí bibleagrafaíochta
Príomhchruthaitheoir: Sánchez Vargas, Harold
Formáid: Anaithnid
Foilsithe / Cruthaithe: [San José, Costa Rica] 1977
Clibeanna: Cuir clib leis
Níl clibeanna ann, Bí ar an gcéad duine le clib a chur leis an taifead seo!

MARC

LEADER 00000 a2200000 4500
003 011288
005 20221231143813.0
008 140114s1977 c a m 000 ||s d
040 |c cru CEDI 
090 |a TFG 337 
100 |a Sánchez Vargas, Harold  |9 17786 
245 |a Procesos y equipos para la fabricación de cableados impresos 
260 |c 1977  |a [San José, Costa Rica] 
300 |a 29, vi hojas ; ilustraciones 
500 |a A la cabeza de la portada. Proyecto de graduación. Universidad de Costa Rica. Facultad de Ingeniería. Departamento de Ingeniería Eléctrica 
942 |c TFG 
999 |c 12237  |d 12237